| 000 | 00444nam a22001697a 4500 | ||
|---|---|---|---|
| 003 | SISC | ||
| 005 | 20160223085930.0 | ||
| 008 | 140227t xxu||||| |||| 00| 0 eng d | ||
| 020 | _a9781854341099 | ||
| 050 |
_aQC 527 _b.B178 1992 |
||
| 100 |
_aBaker, Wendy _921394 |
||
| 245 |
_aElectricity / _cWendy Baker. |
||
| 260 |
_aSurry Hills, NSW : _bRD Press, _c1992. |
||
| 300 |
_a48 p. : _bcol. ill. ; _c28 cm. |
||
| 942 |
_2lcc _cBK |
||
| 999 |
_c42447 _d42447 |
||